Série Vikings : Tous les personnages - Statistiques

Statistiques générales
  • Ce quiz a été pris 1 280 fois
  • Le résultat moyen est 15 sur 45
Statistiques - réponses
Hint Réponse % Correct
Personnage principal Ragnar
100%
Côtes-de-fer Bjorn
93%
Constructeur de navires Floki
91%
Guerrière au bouclier Lagertha
84%
Fils Ragnarsson #4 : Le desossé Ivar
82%
Fils Ragnarsson #1 Ubbe
75%
Prêtre saxon Athelstan
69%
Fils Ragnarsson #3 : Œil de serpent Sigurd
68%
Ours berserk Rollo
67%
Fils Ragnarsson #2 Hvitserk
58%
Roi de Norvège Harald
43%
Épouse du constructeur de navires Helga
42%
Roi du Wessex Ecbert
37%
Veuve du Jarl de Kattegat et amante de l’ours berserk Siggy
37%
Roi de Northumbrie Ælle
34%
La sorcière voyante Aslaug
33%
Jarl de Kattegat Haraldson
31%
Fils du prêtre saxon et de la princesse de Northumbrie Alfred
29%
Épouse du Jarl du Götaland, du Prince des Danois et de Côtes-de-fer Torvi
27%
Princesse de Northumbrie Judith
25%
Prince du Wessex Aethelwulf
23%
Épouse du roi de Norvège et amante de la guerrière au bouclier Astrid
23%
Fille du héros et de la guerrière au bouclier Gyda
23%
Jarl du Götaland Borg
22%
Fils du héros principal et de la princesse de Mercie Magnus
22%
Empereur de Francie Charles
20%
Frère du roi de Norvège Halfdan
20%
Roi des Danois Horik
20%
Vagabond Harbard
18%
Comte de Francie Odo
15%
Fils du prince du Wessex et de la princesse de Northumbrie Aethelred
14%
Guerrière balafrée Pórunn
14%
Princesse de Francie Gisla
12%
Devin de Kattegat Le devin
12%
Fille du constructeur de navires Angrboda
11%
Jarl d’Hedeby Kalf
11%
Princesse de Mercie Kwenthrith
10%
Prince des Danois Erlendur
9%
Épouse du premier fils Ragnarsson Margrethe
7%
Évêque saxon Heahmund
6%
Fille du Jarl de Kattegat Thyri
6%
Fils du Jarl du Götaland Guthrum
5%
Officier militaire de Francie Roland
5%
Voyageur et traducteur des Vikings Sinric
2%
Jeune femme piégeant le Comte de Francie Thérèse
2%
Aucun quiz correspondant
Distribution des résultats
% des personnes avec chaque résultat
Percentile par nombre de réponses
Votre historique - résultats
Vous n’avez pas pris ce quiz